Nákupný proces podniku na vybranom trhu diplomová práca

Na minha lista:
Detalhes bibliográficos
Autor principal: Čerepan, Martin
Autor Corporativo: Obchodná fakulta EU. Katedra marketingu
Outros Autores: Kita, Jaroslav
Formato: Livro
Idioma:eslovaco
Publicado em: Bratislava 2012
Tags: Adicionar Tag
Sem tags, seja o primeiro a adicionar uma tag!

MARC

LEADER 00000nbm a2200000 4500
001 0159029
005 20170315101918.8
041 0 |a slo 
044 |a SK 
245 1 0 |a Nákupný proces podniku na vybranom trhu  |b diplomová práca  |c Martin Čerepan ; školiteľ: Jaroslav Kita 
264 1 |a Bratislava  |c 2012 
300 |a 67 s. 
100 1 |a Čerepan, Martin 
700 1 |a Kita, Jaroslav 
710 2 |a Obchodná fakulta EU. Katedra marketingu